Cities in Rhode Island by picture - Statistics

General Stats
  • This quiz has been taken 7 times
  • The average score is 5 of 16
Answer Stats
Picture Answer % Correct
Providence
100%
Newport
71%
Pawtucket
57%
Cranston
43%
East Providence
43%
Cumberland
29%
Middletown
29%
Warwick
29%
Woonsocket
29%
Central Falls
14%
Coventry
14%
Johnston
14%
Bristol
0%
Lincoln
0%
North Providence
0%
Smithfield
0%
No matching quizzes found
Score Distribution
Percent of People with Each Score
Percentile by Number Answered
Your Score History
You have not taken this quiz